Catàleg de les col·leccions de testimonis orals del Departament de Fonts Orals de l'Arxiu Històric de la Ciutat /
Descripción Física:
100 p. ; 30 cm
Otros Autores:
Ubeda Queralt, Lluís
MARC
| LEADER | 00000nam a2200000Ia 4500 | ||
|---|---|---|---|
| 001 | 10421 | ||
| 008 | 160829s1993 xx 000 0 cat d | ||
| 080 | |a A-1-56 | ||
| 110 | 2 | |a Arxiu Municipal de Barcelona |9 55021 | |
| 245 | |a Catàleg de les col·leccions de testimonis orals del Departament de Fonts Orals de l'Arxiu Històric de la Ciutat / |c realitzat per Lluís Ubeda Queralt | ||
| 260 | |a Barcelona : |b el Departament, |c 1993 | ||
| 300 | |a 100 p. ; |c 30 cm | ||
| 490 | |a Inventaris i catàlegs de l'Arxiu Municipal ; 3 | ||
| 650 | |a Arxiu Històric de la Ciutat (Barcelona) |x Catàlegs |9 19953 | ||
| 700 | |a Ubeda Queralt, Lluís |9 23946 | ||
| 901 | |a Arxiu | ||
| 942 | |n 1 | ||
| 952 | |0 0 |1 0 |4 0 |6 A156 |7 1 |9 41339 |a Arxiu |b Arxiu |d 2016-12-01 |l 0 |o A-1-56 |p 10421 |r 2016-12-01 00:00:00 |w 2016-12-01 |y ARXIU | ||
| 999 | |c 43147 |d 43147 | ||